Statistics for 60 cities in the United States

Click here to take the quiz!

General Stats

  • This quiz has been taken 30 times
  • The average score is 41 of 60

Answer Stats

State City % Correct
WashingtonSeattle
96%
IllinoisChicago
96%
TexasHouston
96%
FloridaOrlando
93%
MassachusettsBoston
93%
MichiganDetroit
93%
FloridaMiami
93%
CaliforniaLos Angeles
93%
HawaiiHonolulu
93%
CaliforniaSan Francisco
93%
TexasDallas
93%
GeorgiaAtlanta
89%
ColoradoDenver
89%
ArizonaPhoenix
89%
CaliforniaSan Diego
86%
AlaskaAnchorage
86%
TennesseeNashville
86%
CaliforniaNew York City
86%
PennsylvaniaPhiladelphia
86%
NevadaLas Vegas
86%
UtahSalt Lake City
79%
Kansas, MissouriKansas City
79%
TexasSan Antonio
79%
MinnesotaMinneapolis
75%
IowaDes Moines
75%
TennesseeMemphis
75%
CaliforniaSacramento
75%
ArkansasLittle Rock
75%
IndianaIndiana
75%
AlaskaJuneau
75%
OklahomaOklahoma City
75%
LouisianaNew Orleans
71%
OregonSalem
68%
FloridaJacksonville
68%
IdahoBoise
68%
New YorkAlbany
68%
New YorkBuffalo
61%
ConnecticutHartford
61%
FlordiaTallahassee
61%
TexasEl Paso
61%
CaliforniaOakland
61%
AlabamaBirmingham
57%
KansasTopeka
57%
VirginiaRichmond
57%
Rhode IslandProvidence
57%
MissouriSaint Louis
57%
NebraskaOmaha
54%
CaliforniaSan Jose
54%
MichiganLansing
50%
VirginiaVirginia Beach
46%
WyomingCheyenne
46%
WisconsinMadison
46%
AlabamaMontgomery
46%
North DakotaBismark
39%
KansasWichita
36%
MontanaBillings
36%
AlabamaMobile
32%
VermontMontpelier
29%
CaliforniaBakersfield
25%
IowaCedar Rapids
14%

Score Distribution

Percentile by Number Answered

Percent of People with Each Score

Your Score History

You have not taken this quiz